[Event "I Torneo Internazionale A"]
[Site "Bergamo ITA"]
[Date "2009.03.14"]
[Round "2"]
[White "Stella, Andrea"]
[Black "Vezzosi, Paolo"]
[Result "0-1"]
[WhiteElo "2273"]
[BlackElo "2374"]
[PlyCount "158"]
[EventDate "2009.03.13"]

1. e4 c6 2. d4 d5 3. Nc3 dxe4 4. Nxe4 Bf5 5. Ng3 Bg6 6. Nf3 Nd7 7. Bc4 e6 8.
Qe2 Bd6 9. O-O Ngf6 10. Ne5 Nd5 11. Bb3 Nxe5 12. dxe5 Bc7 13. f4 O-O 14. Kh1
Qh4 15. Bd2 a5 16. Rad1 Rad8 17. Bc1 h6 18. Bxd5 cxd5 19. Be3 Rd7 20. c3 Rb8
21. Qb5 Qd8 22. Bd4 Qe8 23. Rde1 Re7 24. Qe2 Qc6 25. Qe3 b5 26. a3 Qc4 27. Ba7
Rb7 28. Bc5 Re8 29. Qd4 Bb8 30. Rd1 Rd7 31. b4 Rc8 32. Rfe1 Rc6 33. Ne4 axb4
34. cxb4 Ra6 35. Qxc4 bxc4 36. b5 Ra5 37. Nc3 Bd3 38. a4 d4 39. Bb6 Ra8 40. Ne4
Bxe4 41. Rxe4 Rxa4 42. Rexd4 Rb7 43. Rd8+ Kh7 44. Bc5 Rxb5 45. Bd6 Bxd6 46.
exd6 Rd5 47. Rc1 c3 48. h3 Rxf4 49. Rxc3 Rfd4 50. Rc7 Rxd6 51. Rxd6 Rxd6 52.
Rxf7 Kg6 53. Rf3 e5 54. Rg3+ Kf6 55. Kg1 Rd2 56. Kf1 g5 57. Rf3+ Ke6 58. Rf8 h5
59. h4 g4 60. Rh8 Kf5 61. Rxh5+ Kf4 62. g3+ Kxg3 63. Rxe5 Rd1+ 64. Ke2 Rh1 65.
h5 Kg2 66. Rg5 g3 67. Ke3 Rh4 68. Ke2 Rh2 69. Ke3 Rh4 70. Ke2 Re4+ 71. Kd3 Re8
72. h6 Kf3 73. Rf5+ Kg4 74. Rf7 g2 75. h7 Rh8 76. Ke2 Kg3 77. Rg7+ Kh2 78. Kf3
Rf8+ 79. Ke4 g1=Q 0-1

[Event "I Torneo Internazionale A"]
[Site "Bergamo ITA"]
[Date "2009.03.14"]
[Round "2"]
[White "Tratar, Marko"]
[Black "Zelcic, Robert"]
[Result "1/2-1/2"]
[WhiteElo "2497"]
[BlackElo "2569"]
[PlyCount "98"]
[EventDate "2009.03.13"]

1. Nf3 Nf6 2. c4 e6 3. g3 d5 4. d4 Bb4+ 5. Bd2 a5 6. Bg2 O-O 7. O-O dxc4 8.
Bxb4 axb4 9. Ne5 Nc6 10. Nxc6 bxc6 11. Bxc6 Ra6 12. Bb5 Rd6 13. Bxc4 Rxd4 14.
Qb3 e5 15. Qxb4 Bh3 16. Re1 Qa8 17. f3 Ne4 18. Qa3 Qb7 19. Qb3 Qa7 20. e3 Qa5
21. Rc1 Nd2 22. Nxd2 Rxd2 23. Rc2 Rd6 24. Bf1 Bf5 25. Qc3 Qb6 26. Rd2 h5 27.
Rad1 Rfd8 28. a4 h4 29. a5 Qa7 30. b4 Qa8 31. Kf2 e4 32. Rxd6 cxd6 33. f4 hxg3+
34. hxg3 Bg4 35. Rc1 d5 36. Qd4 Rd6 37. Rc5 Bf3 38. Qe5 Qd8 39. a6 d4 40. exd4
Rxd4 41. Rc8 Rd2+ 42. Ke3 Qxc8 43. Kxd2 Qd7+ 44. Kc3 Qd1 45. Bc4 Qa1+ 46. Kc2
Qa4+ 47. Kc3 Qa1+ 48. Kc2 Qa4+ 49. Kc3 Qa1+ 1/2-1/2

[Event "I Torneo Internazionale A"]
[Site "Bergamo ITA"]
[Date "2009.03.14"]
[Round "2"]
[White "Zaja, Ivan"]
[Black "Napoli, Nicolo'"]
[Result "1-0"]
[WhiteElo "2447"]
[BlackElo "2313"]
[PlyCount "61"]
[EventDate "2009.03.13"]

1. d4 Nf6 2. c4 c5 3. d5 b5 4. cxb5 a6 5. bxa6 e6 6. dxe6 fxe6 7. Nf3 Be7 8. g3
Qa5+ 9. Bd2 Qb6 10. Nc3 Bxa6 11. Bg2 Nc6 12. O-O O-O 13. b3 c4 14. Rb1 Qa7 15.
Be3 Bc5 16. Bxc5 Qxc5 17. Na4 Qa5 18. Nd4 Nxd4 19. Qxd4 d5 20. Nc3 Rab8 21.
Rfc1 Rb4 22. Qe5 Qb6 23. Bh3 cxb3 24. Qxe6+ Kh8 25. Qxb6 Rxb6 26. axb3 d4 27.
Na4 Rb4 28. Rb2 Rfb8 29. Nc5 Bc4 30. Rd2 Bb5 31. Be6 1-0

[Event "I Torneo Internazionale A"]
[Site "Bergamo ITA"]
[Date "2009.03.14"]
[Round "3"]
[White "Andres Gonzalez, Alberto"]
[Black "Rombaldoni, Denis"]
[Result "1/2-1/2"]
[WhiteElo "2476"]
[BlackElo "2418"]
[PlyCount "90"]
[EventDate "2009.03.13"]

1. c4 c6 2. Nf3 Nf6 3. b3 d5 4. Bb2 Bg4 5. e3 Nbd7 6. d4 e6 7. Be2 Bb4+ 8. Bc3
a5 9. a3 Bd6 10. Nbd2 Qe7 11. h3 Bxf3 12. Bxf3 O-O 13. a4 e5 14. dxe5 Nxe5 15.
cxd5 Nxf3+ 16. Nxf3 Nxd5 17. Bd2 Rfd8 18. O-O Nf6 19. Qc2 Ne4 20. Rfd1 Bb4 21.
Be1 Bxe1 22. Nxe1 Qb4 23. Rac1 Rd2 24. Rxd2 Qxd2 25. Rd1 Qxc2 26. Nxc2 Nc5 27.
Nd4 Kf8 28. Kf1 g6 29. Rc1 Ne6 30. Rc4 Ra6 31. Ke2 Nxd4+ 32. Rxd4 Rb6 33. Rd3
Ke7 34. Kd2 Rb4 35. Kc3 Re4 36. f3 Re6 37. h4 Rd6 38. e4 Rxd3+ 39. Kxd3 Kd6 40.
Kd4 b6 41. f4 h5 42. Kc4 Kc7 43. Kd4 Kd7 44. Kc4 Kd6 45. Kd4 Kd7 1/2-1/2

[Event "I Torneo Internazionale A"]
[Site "Bergamo ITA"]
[Date "2009.03.14"]
[Round "3"]
[White "Arutyunova, Diana"]
[Black "Manca, Federico"]
[Result "0-1"]
[WhiteElo "2261"]
[BlackElo "2373"]
[PlyCount "76"]
[EventDate "2009.03.13"]

1. e4 c6 2. d4 d5 3. Nc3 dxe4 4. Nxe4 Nf6 5. Nxf6+ gxf6 6. c3 Bf5 7. Ne2 Nd7 8.
h4 h5 9. Nf4 Qa5 10. b4 Qc7 11. Nxh5 O-O-O 12. Ng3 Bh7 13. Be2 f5 14. Qb3 e6
15. f4 Rg8 16. Kf2 Bd6 17. Nh5 Bg6 18. g3 Rh8 19. Qd1 Rh7 20. c4 Rdh8 21. c5
Be7 22. d5 cxd5 23. Bb2 f6 24. Qe1 e5 25. fxe5 Bxh5 26. Bxh5 Rxh5 27. exf6 Bxf6
28. Bxf6 Nxf6 29. Qe6+ Nd7 30. Rae1 Qc6 31. Qf7 R5h7 32. Re8+ Kc7 33. Qe6 Rxe8
34. Qxe8 Qf6 35. Qe3 Qb2+ 36. Qe2 Qxb4 37. Rc1 Qe4 38. Qd2 Ne5 0-1

[Event "I Torneo Internazionale A"]
[Site "Bergamo ITA"]
[Date "2009.03.14"]
[Round "3"]
[White "Bemporad, Filippo"]
[Black "Gerola, Fausto"]
[Result "1/2-1/2"]
[WhiteElo "2061"]
[BlackElo "2206"]
[PlyCount "63"]
[EventDate "2009.03.13"]

1. d4 d5 2. Nf3 Nf6 3. g3 e6 4. Bg2 c5 5. O-O Nc6 6. c4 dxc4 7. Qa4 Bd7 8. Qxc4
cxd4 9. Nxd4 Nxd4 10. Qxd4 Bc6 11. Qxd8+ Rxd8 12. Bxc6+ bxc6 13. Be3 a6 14. Nc3
Ng4 15. Bf4 e5 16. Bg5 Be7 17. Bxe7 Kxe7 18. Rad1 f5 19. Na4 Rxd1 20. Rxd1 Rb8
21. b3 Rb5 22. f3 Nf6 23. Kf2 g5 24. e3 Nd7 25. Ke2 h5 26. Nb2 Nb6 27. Rc1 Kd6
28. Nc4+ Nxc4 29. Rxc4 Ra5 30. a4 Rc5 31. Kd3 Rd5+ 32. Ke2 1/2-1/2

[Event "I Torneo Internazionale A"]
[Site "Bergamo ITA"]
[Date "2009.03.14"]
[Round "3"]
[White "Bertani, Gianfranco"]
[Black "Di Pietro, Davide"]
[Result "0-1"]
[WhiteElo "2100"]
[BlackElo "2074"]
[PlyCount "40"]
[EventDate "2009.03.13"]

1. Nf3 c5 2. b3 Nc6 3. Bb2 d5 4. e3 Bg4 5. Be2 Nf6 6. h3 Bh5 7. O-O e6 8. Ne5
Bxe2 9. Qxe2 Bd6 10. Nxc6 bxc6 11. d3 e5 12. e4 O-O 13. Nd2 Nd7 14. Qg4 Qe7 15.
Rae1 f6 16. f4 dxe4 17. fxe5 Nxe5 18. Bxe5 Qxe5 19. Rxe4 Qh2+ 20. Kf2 f5 0-1

[Event "I Torneo Internazionale A"]
[Site "Bergamo ITA"]
[Date "2009.03.14"]
[Round "3"]
[White "Brunello, Sabino"]
[Black "Sorcinelli, Francesco"]
[Result "1-0"]
[WhiteElo "2460"]
[BlackElo "2116"]
[PlyCount "105"]
[EventDate "2009.03.13"]

1. d4 Nf6 2. c4 g6 3. g3 Bg7 4. Bg2 O-O 5. Nc3 d6 6. Nf3 c5 7. d5 e6 8. O-O
exd5 9. cxd5 a6 10. a4 Re8 11. Nd2 Nbd7 12. a5 b5 13. axb6 Nxb6 14. Nb3 Bd7 15.
Na5 Bb5 16. Re1 Qd7 17. e4 Ng4 18. Bh3 Nxf2 19. Bxd7 Nxd1 20. Nxb5 Nxd7 21.
Nxd6 Nxb2 22. Nxe8 Rxe8 23. Rb1 Nd3 24. Rd1 Bd4+ 25. Kf1 Nxc1 26. Rbxc1 Rxe4
27. Re1 f5 28. Rxe4 fxe4 29. Nb3 Kf7 30. Nxd4 cxd4 31. Rc4 Kf6 32. Rxd4 Ke5 33.
Rd1 Kd6 34. Ke2 a5 35. Ra1 Kxd5 36. Rxa5+ Kd4 37. Ra7 Nf6 38. Re7 Kd5 39. h3
Kd6 40. Ra7 Ke5 41. Kf2 h5 42. Rg7 Kf5 43. Ke3 g5 44. Kd4 g4 45. h4 Ke6 46. Rg5
Kd6 47. Re5 Kd7 48. Ke3 Kd6 49. Ra5 Ke6 50. Kf4 Kf7 51. Re5 Kg6 52. Ra5 Kf7 53.
Kf5 1-0

[Event "I Torneo Internazionale A"]
[Site "Bergamo ITA"]
[Date "2009.03.14"]
[Round "3"]
[White "Cabrera Pino, Alexis"]
[Black "Petkov, Vladimir"]
[Result "1/2-1/2"]
[WhiteElo "2507"]
[BlackElo "2504"]
[PlyCount "94"]
[EventDate "2009.03.13"]

1. e4 e5 2. Nf3 Nc6 3. Bb5 Nf6 4. O-O Nxe4 5. d4 Nd6 6. Bxc6 dxc6 7. dxe5 Nf5
8. Qxd8+ Kxd8 9. Nc3 Ke8 10. h3 b6 11. Bf4 Bb4 12. Ne4 Ba6 13. Rfc1 Be2 14. Nh2
Rd8 15. a3 Be7 16. e6 f6 17. Bxc7 Rc8 18. Bf4 Nd4 19. Nd6+ Bxd6 20. Bxd6 c5 21.
Nf1 Rc6 22. Bf4 Rxe6 23. Be3 Nf5 24. Re1 Bxf1 25. Kxf1 Kd7 26. Rad1+ Kc6 27. g4
Nxe3+ 28. Rxe3 Rxe3 29. fxe3 h5 30. Kg2 hxg4 31. hxg4 b5 32. Kg3 a5 33. c3 Rb8
34. Kf4 b4 35. cxb4 axb4 36. a4 b3 37. Kf5 Re8 38. e4 Re5+ 39. Kf4 c4 40. Ke3
Kc5 41. Rd8 Kb4 42. Kd4 Kxa4 43. Kxc4 Rxe4+ 44. Kc5 Re5+ 45. Kc4 Re4+ 46. Kc5
Re5+ 47. Kc4 Re4+ 1/2-1/2

[Event "I Torneo Internazionale A"]
[Site "Bergamo ITA"]
[Date "2009.03.14"]
[Round "3"]
[White "Cappai, Davide"]
[Black "Panella, Fiammetta"]
[Result "1-0"]
[WhiteElo "2120"]
[BlackElo "2016"]
[PlyCount "75"]
[EventDate "2009.03.13"]

1. e4 c5 2. Nf3 e6 3. c3 Nf6 4. d3 Nc6 5. a3 d5 6. e5 Nd7 7. d4 Qb6 8. b4 cxd4
9. cxd4 a6 10. Bb2 Be7 11. Bd3 O-O 12. O-O f6 13. Qe2 fxe5 14. dxe5 Qd8 15. Nd4
Nxd4 16. Bxd4 Qe8 17. f4 Nb8 18. Rf3 Bd7 19. Nc3 Nc6 20. Bb6 Bd8 21. Bc5 Be7
22. Bf2 Rc8 23. Bc2 g6 24. Rd1 Nd8 25. h4 Kh8 26. h5 g5 27. f5 exf5 28. Nxd5
Rxc2 29. Qxc2 Ba4 30. Qd2 Bxd1 31. Qxd1 Ne6 32. Rd3 Bd8 33. Nf6 Bxf6 34. exf6
Rxf6 35. Rd6 Kg7 36. Qd5 Qc8 37. Be3 f4 38. Bd4 1-0

[Event "I Torneo Internazionale A"]
[Site "Bergamo ITA"]
[Date "2009.03.14"]
[Round "3"]
[White "Cazzaniga, Walter"]
[Black "Tocchioni, Doriano"]
[Result "1/2-1/2"]
[WhiteElo "2192"]
[BlackElo "2264"]
[PlyCount "92"]
[EventDate "2009.03.13"]

1. d4 Nf6 2. c4 e6 3. Nf3 b6 4. g3 Ba6 5. b3 d5 6. Bg2 Bb4+ 7. Bd2 Be7 8. Ne5
c6 9. Bc3 Nfd7 10. Nxd7 Nxd7 11. Nd2 f5 12. O-O O-O 13. Re1 Rc8 14. Rc1 Ba3 15.
Rc2 g5 16. b4 c5 17. dxc5 bxc5 18. b5 Bb7 19. Nb1 Bb4 20. cxd5 Bxc3 21. Nxc3 e5
22. e4 f4 23. Bh3 Nf6 24. Be6+ Kh8 25. g4 h5 26. h3 Rc7 27. f3 Bc8 28. Bxc8
Rxc8 29. Qd2 Qa5 30. Rb1 Kg7 31. Nd1 Qb6 32. Nf2 Rh8 33. Qc3 Nd7 34. a4 hxg4
35. fxg4 Qh6 36. a5 Qh4 37. Rb3 Rhf8 38. Qf3 Qh6 39. Rbc3 Qd6 40. Kg2 Rc7 41.
Qe2 Rb7 42. Rb3 Rfb8 43. Qc4 Qc7 44. Nd3 Rc8 45. Ra2 Kf6 46. Ne1 Rcb8 1/2-1/2

[Event "I Torneo Internazionale A"]
[Site "Bergamo ITA"]
[Date "2009.03.14"]
[Round "3"]
[White "Chierici, Marianna"]
[Black "Djuric, Stefan"]
[Result "0-1"]
[WhiteElo "2006"]
[BlackElo "2461"]
[PlyCount "46"]
[EventDate "2009.03.13"]

1. e4 g6 2. d4 Bg7 3. Nc3 d6 4. f4 Nf6 5. Nf3 O-O 6. Be3 a6 7. Qd2 b5 8. Bd3
Bb7 9. e5 b4 10. exf6 bxc3 11. bxc3 exf6 12. f5 Re8 13. O-O Nd7 14. Rae1 Nb6
15. c4 d5 16. fxg6 hxg6 17. c5 Nc4 18. Bxc4 dxc4 19. Qb4 Bd5 20. Nd2 Qd7 21.
Bf2 Qg4 22. Bg3 Qxd4+ 23. Kh1 Reb8 0-1

[Event "I Torneo Internazionale A"]
[Site "Bergamo ITA"]
[Date "2009.03.14"]
[Round "3"]
[White "Corrales Jimenez, Fidel"]
[Black "Rombaldoni, Axel"]
[Result "1-0"]
[WhiteElo "2586"]
[BlackElo "2309"]
[PlyCount "73"]
[EventDate "2009.03.13"]

1. d4 d5 2. c4 e6 3. Nc3 c6 4. e3 Bd6 5. Nf3 f5 6. h3 Nf6 7. g4 O-O 8. gxf5
exf5 9. cxd5 cxd5 10. Qb3 Kh8 11. Bd2 Nc6 12. O-O-O a6 13. Kb1 b5 14. Rc1 Qe8
15. Qd1 f4 16. exf4 b4 17. Na4 Ne4 18. Be1 Bxf4 19. Rc2 Nxd4 20. Qxd4 Qxa4 21.
Rg1 Bh6 22. Nh4 Bd7 23. b3 Qa5 24. Bxb4 Qd8 25. Bxf8 Qxf8 26. Bd3 Nd6 27. Rg6
Bb5 28. Rxh6 Bxd3 29. Qxd3 gxh6 30. Rc7 Ne4 31. f3 Nf6 32. Qd4 Re8 33. Rc6 Kg7
34. Nf5+ Kg6 35. Qg4+ Kf7 36. Rc7+ Re7 37. Nd6# 1-0

[Event "I Torneo Internazionale A"]
[Site "Bergamo ITA"]
[Date "2009.03.14"]
[Round "3"]
[White "Cruz Lledo, Pablo"]
[Black "Sbarra, Marco"]
[Result "1-0"]
[WhiteElo "2082"]
[BlackElo "2191"]
[PlyCount "135"]
[EventDate "2009.03.13"]

1. d4 d5 2. c4 e6 3. Nc3 c5 4. cxd5 exd5 5. Nf3 Nc6 6. g3 Nf6 7. Bg2 Be7 8. O-O
O-O 9. Bg5 cxd4 10. Nxd4 h6 11. Bxf6 Bxf6 12. e3 Be6 13. Nxe6 fxe6 14. Qg4 Re8
15. Rfd1 Qa5 16. Rac1 Rac8 17. a4 Ne5 18. Qe2 a6 19. Nxd5 exd5 20. Rxc8 Rxc8
21. Bxd5+ Kh8 22. Bxb7 Rb8 23. Qxa6 Qxa6 24. Bxa6 Rxb2 25. h3 Ra2 26. Bb5 Nf3+
27. Kg2 Nd2 28. Rc1 Kg8 29. Bc4+ Nxc4 30. Rxc4 Kf7 31. h4 Ke6 32. Kf3 Kd5 33.
Rf4 Be5 34. Rb4 Bc3 35. Rf4 Ke6 36. Re4+ Kd5 37. Rf4 Kc5 38. h5 Be1 39. Kg2 Kb6
40. Kf1 Bc3 41. Rc4 Bf6 42. Kg2 Ka5 43. e4 Kb6 44. Kf1 Be5 45. f4 Bd6 46. e5
Bc5 47. e6 Rf2+ 48. Ke1 Rf3 49. Kd2 Be7 50. Rd4 Rxg3 51. Rd7 Bb4+ 52. Ke2 Kc6
53. Kf2 Rg4 54. Kf3 Rg1 55. Ke4 Bc3 56. Kf5 Ra1 57. Ra7 Bf6 58. Kg6 Kd6 59. Kf7
Re1 60. Rd7+ Kc6 61. Rd3 Re4 62. a5 Rxf4 63. e7 Bd4+ 64. Ke8 Kc7 65. a6 Bf6 66.
a7 Ra4 67. Rd7+ Kc6 68. Kd8 1-0

[Event "I Torneo Internazionale A"]
[Site "Bergamo ITA"]
[Date "2009.03.14"]
[Round "3"]
[White "De Palma, Fabrizio"]
[Black "Astengo, Marcello"]
[Result "1/2-1/2"]
[WhiteElo "2017"]
[BlackElo "2123"]
[PlyCount "75"]
[EventDate "2009.03.13"]

1. d4 d5 2. Nf3 c5 3. c4 e6 4. cxd5 exd5 5. g3 Nf6 6. Bg2 Nc6 7. O-O Be7 8.
dxc5 Bxc5 9. a3 O-O 10. b4 Be7 11. Bb2 Bg4 12. h3 Be6 13. Nc3 Qd7 14. Kh2 Rad8
15. Nd4 Rfe8 16. f4 h5 17. f5 Nxd4 18. Qxd4 Bxf5 19. Nxd5 Bxh3 20. Nxf6+ Bxf6
21. Qxd7 Bxd7 22. Bxf6 gxf6 23. Bf3 Kg7 24. Rad1 Bb5 25. Rxd8 Rxd8 26. Bxb7
Bxe2 27. Rf2 Bg4 28. Rb2 Rd3 29. a4 Ra3 30. a5 Bd7 31. Rd2 Be6 32. Rb2 Kg6 33.
Kg2 Kg5 34. Bf3 Bg4 35. Bd5 Be6 36. Bf3 Bg4 37. Bd5 Be6 38. Bf3 1/2-1/2

[Event "I Torneo Internazionale A"]
[Site "Bergamo ITA"]
[Date "2009.03.14"]
[Round "3"]
[White "Genocchio, Daniele"]
[Black "Korneev, Oleg"]
[Result "0-1"]
[WhiteElo "2440"]
[BlackElo "2613"]
[PlyCount "108"]
[EventDate "2009.03.13"]

1. Nf3 d5 2. g3 c6 3. Bg2 Bg4 4. d3 Nd7 5. h3 Bh5 6. O-O Ngf6 7. Nbd2 e5 8. e4
dxe4 9. dxe4 Bc5 10. Qe1 O-O 11. Nc4 Re8 12. Nh4 Nb6 13. Na5 Qc7 14. Kh1 Nfd7
15. b4 Bf8 16. c4 c5 17. b5 f6 18. Nf5 a6 19. Rb1 Nc8 20. b6 Ncxb6 21. Ne3 Rab8
22. Bd2 Na8 23. a4 b6 24. Nb3 Qc6 25. Ra1 Nc7 26. Nd5 Nxd5 27. exd5 Qc7 28. Be4
Bg6 29. Qb1 Bxe4+ 30. Qxe4 Bd6 31. g4 Nf8 32. Be3 Ng6 33. Rfc1 Nf4 34. Bxf4
exf4 35. Qd3 Qe7 36. Re1 Qd7 37. Qf5 Qxf5 38. gxf5 Rxe1+ 39. Rxe1 Be5 40. Rc1
f3 41. Rd1 Kf7 42. Nd2 b5 43. axb5 axb5 44. cxb5 Rxb5 45. Nxf3 c4 46. d6 Ke8
47. Rc1 Rc5 48. Nd2 c3 49. Nf1 Kd7 50. Rc2 Kxd6 51. Kg2 Bf4 52. Kf3 Ke5 53. Ke2
Ke4 54. Kd1 Kd3 0-1

[Event "I Torneo Internazionale A"]
[Site "Bergamo ITA"]
[Date "2009.03.14"]
[Round "3"]
[White "Kalajzic, Ivan"]
[Black "Bellavita, Guido"]
[Result "1-0"]
[WhiteElo "2224"]
[BlackElo "2060"]
[PlyCount "99"]
[EventDate "2009.03.13"]

1. b3 e5 2. Bb2 Nc6 3. e3 Nf6 4. Bb5 Bd6 5. Na3 Na5 6. Nf3 c6 7. Be2 Qe7 8. Qc1
O-O 9. c4 Re8 10. O-O b6 11. d4 e4 12. Ne5 Bc7 13. Ng4 Nxg4 14. Bxg4 Qh4 15. h3
h5 16. Be2 Re6 17. f4 exf3 18. Rxf3 d5 19. cxd5 Rg6 20. Kf1 Bg4 21. Qe1 Bxf3
22. Qxh4 Bxg2+ 23. Kg1 Bxh3+ 24. Kf2 Rg2+ 25. Kf3 Rh2 26. Qe7 Bg4+ 27. Ke4 Rxe2
28. Bc3 cxd5+ 29. Kd3 Bf4 30. Re1 Rxe1 31. Bxe1 Bh6 32. Nb5 g6 33. Bxa5 bxa5
34. Nc7 Bf5+ 35. Kd2 Bf8 36. Qe5 Bb4+ 37. Ke2 Bg4+ 38. Kf2 Rc8 39. Qxd5 Be7 40.
Qe5 Bh4+ 41. Kf1 Bd8 42. Nd5 Rc1+ 43. Kg2 Rc2+ 44. Kg3 Be6 45. Nf6+ Kf8 46.
Nh7+ Kg8 47. Nf6+ Kf8 48. Qg5 Bc7+ 49. Kf3 Rxa2 50. Qc5+ 1-0

[Event "I Torneo Internazionale A"]
[Site "Bergamo ITA"]
[Date "2009.03.14"]
[Round "3"]
[White "Logar, Metod"]
[Black "Pirola, Andrea"]
[Result "1/2-1/2"]
[WhiteElo "2081"]
[BlackElo "2140"]
[PlyCount "93"]
[EventDate "2009.03.13"]

1. e4 e6 2. d4 d5 3. e5 c5 4. c3 Nc6 5. Nf3 Nge7 6. Bd3 cxd4 7. cxd4 Nf5 8.
Bxf5 exf5 9. Nc3 Be6 10. O-O Be7 11. Be3 g5 12. Qd3 f4 13. Bd2 Qd7 14. Rac1 Rc8
15. Nb5 Bf5 16. Qe2 g4 17. Nd6+ Bxd6 18. exd6+ Qe6 19. Ne5 Nxd4 20. d7+ Qxd7
21. Qd1 Qb5 22. Rxc8+ Bxc8 23. Re1 O-O 24. Bc3 Nc6 25. Nxc6 Qxc6 26. Qd4 f6 27.
Qxf4 Rf7 28. Qd4 b6 29. a3 Kg7 30. Qf4 h6 31. Bd2 f5 32. Bc3+ Kg6 33. Qe5 d4
34. Bxd4 Bb7 35. Qe6+ Qxe6 36. Rxe6+ Kh7 37. Bf6 f4 38. Re7 Rxe7 39. Bxe7 Kg6
40. Kf1 Kf5 41. g3 Ke4 42. Bd6 f3 43. Ke1 Kd3 44. Be5 Kc2 45. Bd4 h5 46. Be5 b5
47. Bc3 1/2-1/2

[Event "I Torneo Internazionale A"]
[Site "Bergamo ITA"]
[Date "2009.03.14"]
[Round "3"]
[White "Madiai, Federico"]
[Black "Rumiantseva, Maria"]
[Result "1-0"]
[WhiteElo "2091"]
[BlackElo "2034"]
[PlyCount "95"]
[EventDate "2009.03.13"]

1. e4 c5 2. Nf3 Nc6 3. Bb5 g6 4. O-O Bg7 5. c3 Nf6 6. Qa4 O-O 7. d4 cxd4 8.
cxd4 a6 9. Nc3 Na5 10. Bd3 b5 11. Qd1 b4 12. Ne2 d5 13. e5 Nd7 14. Qa4 Qb6 15.
Bd2 Nc6 16. a3 b3 17. Rfc1 Ndb8 18. Rc3 Na5 19. Rxc8 Rxc8 20. Bxa5 Qb7 21. Qb4
Qxb4 22. Bxb4 Nc6 23. Bc3 e6 24. Nd2 Rcb8 25. Nc1 f6 26. Ncxb3 fxe5 27. dxe5
Nxe5 28. Be2 Nd7 29. Bxg7 Kxg7 30. Rc1 Rc8 31. Rxc8 Rxc8 32. Bxa6 Rc2 33. a4
Rxb2 34. Kf1 Nb6 35. Bb5 d4 36. Ke2 e5 37. Kd3 Ra2 38. a5 Nd5 39. Kc4 Nc3 40.
Bc6 Nd1 41. f4 Rc2+ 42. Kb5 Nc3+ 43. Kb6 Rb2 44. fxe5 Nb1 45. Bb5 Nxd2 46. Nxd2
Rxd2 47. a6 Rxg2 48. a7 1-0

[Event "I Torneo Internazionale A"]
[Site "Bergamo ITA"]
[Date "2009.03.14"]
[Round "3"]
[White "Matseyko, Katerina"]
[Black "Mazi, Leon"]
[Result "0-1"]
[WhiteElo "2268"]
[BlackElo "2377"]
[PlyCount "54"]
[EventDate "2009.03.13"]

1. e4 c5 2. b4 cxb4 3. a3 e6 4. d4 f6 5. axb4 Bxb4+ 6. c3 Bf8 7. Nf3 d5 8. e5
Nc6 9. Bd3 f5 10. h4 Nh6 11. Rh3 Bd7 12. Ra2 a6 13. Rg3 Qc7 14. Na3 Na5 15. Bd2
Nc4 16. Bxc4 dxc4 17. d5 Ng4 18. d6 Qc5 19. Qe2 g6 20. Bf4 Rc8 21. h5 gxh5 22.
Rh3 Bg7 23. Rxh5 O-O 24. Nc2 Qd5 25. g3 Qd3 26. Qxd3 cxd3 27. Nb4 Rxc3 0-1

[Event "I Torneo Internazionale A"]
[Site "Bergamo ITA"]
[Date "2009.03.14"]
[Round "3"]
[White "Molina, Fabrizio"]
[Black "Solodovnichenko, Yuri"]
[Result "0-1"]
[WhiteElo "2305"]
[BlackElo "2571"]
[PlyCount "78"]
[EventDate "2009.03.13"]

1. Nf3 g6 2. g3 Bg7 3. Bg2 c5 4. c4 Nc6 5. Nc3 d6 6. O-O Nh6 7. b3 O-O 8. Bb2
e5 9. d3 f5 10. Qd2 Nf7 11. Nd5 g5 12. e3 Ne7 13. Ne1 f4 14. Kh1 Ng6 15. Rg1
fxg3 16. fxg3 g4 17. Rf1 Ng5 18. Nc2 Nf3 19. Bxf3 gxf3 20. e4 Bh3 21. Rf2 Qd7
22. Ne1 Rf7 23. a3 Raf8 24. b4 Qg4 25. Bc1 h6 26. Ra2 Ne7 27. Nxe7+ Rxe7 28.
Qe3 Ref7 29. Rab2 b6 30. b5 Kh7 31. a4 Kg6 32. Rbc2 h5 33. Ra2 h4 34. gxh4 Rf4
35. Qd2 Qxh4 36. Qd1 R4f6 37. Be3 Qg4 38. a5 Kh7 39. axb6 axb6 0-1

[Event "I Torneo Internazionale A"]
[Site "Bergamo ITA"]
[Date "2009.03.14"]
[Round "3"]
[White "Napoli, Nicolo'"]
[Black "Bozzali, Ermanno"]
[Result "1-0"]
[WhiteElo "2313"]
[BlackElo "2140"]
[PlyCount "31"]
[EventDate "2009.03.13"]

1. e4 c5 2. c3 Nf6 3. e5 Nd5 4. d4 cxd4 5. Nf3 e6 6. Qxd4 Nc6 7. Qe4 f5 8. Qe2
d6 9. g3 dxe5 10. Nxe5 Nxe5 11. Qxe5 Qd6 12. Qe2 Be7 13. Bg2 O-O 14. O-O Bd7
15. c4 Qb6 16. Bxd5 1-0

[Event "I Torneo Internazionale A"]
[Site "Bergamo ITA"]
[Date "2009.03.14"]
[Round "3"]
[White "Palac, Mladen"]
[Black "Zaja, Ivan"]
[Result "1/2-1/2"]
[WhiteElo "2553"]
[BlackElo "2447"]
[PlyCount "79"]
[EventDate "2009.03.13"]

1. e4 e6 2. d4 d5 3. Nd2 Nf6 4. e5 Nfd7 5. c3 c5 6. Bd3 Nc6 7. Ne2 cxd4 8. cxd4
f6 9. exf6 Nxf6 10. O-O Bd6 11. Nf3 Qc7 12. Bg5 O-O 13. Bh4 Bd7 14. Nc3 a6 15.
Re1 Qb6 16. a3 Rac8 17. Rb1 Na5 18. Bg3 Bxg3 19. hxg3 Nc4 20. Qe2 Kh8 21. Bxc4
dxc4 22. Ne5 Bc6 23. Rbd1 Bd5 24. g4 Qd8 25. g5 Nd7 26. Qg4 Nxe5 27. Rxe5 Rc7
28. Nxd5 exd5 29. Rde1 Rcf7 30. g6 Rf4 31. Qxf4 Rxf4 32. Re8+ Rf8 33. Rxd8 Rxd8
34. Re7 b5 35. Ra7 hxg6 36. Rxa6 Rb8 37. Rxg6 b4 38. axb4 Rxb4 39. Rd6 Rb5 40.
g4 1/2-1/2

[Event "I Torneo Internazionale A"]
[Site "Bergamo ITA"]
[Date "2009.03.14"]
[Round "3"]
[White "Pulito, Alberto"]
[Black "Iglesias Leon, Francisco Javier"]
[Result "1/2-1/2"]
[WhiteElo "2251"]
[BlackElo "2244"]
[PlyCount "120"]
[EventDate "2009.03.13"]

1. e4 e5 2. Nf3 Nf6 3. Nc3 Bb4 4. Bc4 O-O 5. O-O d6 6. d3 Be6 7. Bb3 Nbd7 8.
Bg5 Bxc3 9. bxc3 Nc5 10. Re1 h6 11. Bh4 Qe7 12. d4 Bxb3 13. axb3 Ncd7 14. Qd3
c6 15. Bg3 Nh5 16. b4 a6 17. Nh4 g6 18. Ra5 Rad8 19. Qf3 Nxg3 20. Qxg3 Kh7 21.
Nf3 Rfe8 22. Raa1 Nf6 23. dxe5 dxe5 24. Ra5 Nd7 25. h4 f6 26. h5 g5 27. Nh2 Nf8
28. Qf3 Rd2 29. Ng4 Kg7 30. Raa1 Qe6 31. Rad1 Red8 32. Ne3 Kh7 33. Rxd2 Rxd2
34. Rd1 Rxd1+ 35. Qxd1 Qd7 36. Qf3 Qd8 37. Qf5+ Kg7 38. g3 b6 39. Qf3 a5 40.
bxa5 bxa5 41. Nc4 a4 42. Kg2 Qc7 43. Qd1 Qd7 44. Qa1 c5 45. Nb2 Qb7 46. f3 Qa6
47. Nd3 a3 48. Kf2 c4 49. Nb4 Qa7+ 50. Ke2 g4 51. fxg4 Ne6 52. Nd5 a2 53. Nb4
Ng5 54. Qxa2 Qxa2 55. Nxa2 Nxe4 56. Ke3 Nd6 57. Nb4 Kf7 58. Nd5 Ke6 59. Nc7+
Kd7 60. Nd5 Ke6 1/2-1/2

[Event "I Torneo Internazionale A"]
[Site "Bergamo ITA"]
[Date "2009.03.14"]
[Round "3"]
[White "Ranfagni, Stefano"]
[Black "Corvi, Marco"]
[Result "0-1"]
[WhiteElo "2041"]
[BlackElo "2319"]
[PlyCount "176"]
[EventDate "2009.03.13"]

1. e4 Nf6 2. e5 Nd5 3. d4 d6 4. Nf3 dxe5 5. dxe5 Nc6 6. Bb5 Ndb4 7. Qxd8+ Kxd8
8. Ba4 Bf5 9. Na3 a6 10. O-O b5 11. Bb3 e6 12. Bg5+ Be7 13. Bxe7+ Kxe7 14. c4
Bg4 15. cxb5 Bxf3 16. bxc6 Bd5 17. Bxd5 exd5 18. Rfd1 Ke6 19. f4 Rab8 20. Rd2
Rb6 21. Nc2 Nxc6 22. Ne3 Ne7 23. Re1 g6 24. g4 Rd8 25. f5+ gxf5 26. gxf5+ Nxf5
27. Ng2 Rb4 28. Rc2 Re4 29. Rxe4 dxe4 30. Rxc7 Rd1+ 31. Kf2 Rd2+ 32. Kf1 Kxe5
33. Rc5+ Rd5 34. Rxd5+ Kxd5 35. Ke2 Ke5 36. Ne1 Nd4+ 37. Ke3 f5 38. Ng2 Ne6 39.
b4 f4+ 40. Kf2 Kd4 41. a4 Ke5 42. b5 a5 43. h4 h5 44. Ke1 Nc5 45. b6 Nd3+ 46.
Kd2 Nc5 47. Ke1 Kf5 48. Kf1 Kg4 49. Kf2 Nb7 50. Kg1 Kg3 51. Kf1 e3 52. Ne1 Kxh4
53. Kg2 Kg4 54. Nf3 Kf5 55. Kf1 Ke4 56. Ke2 Kd5 57. Ng5 Ke5 58. Kf3 Kf5 59. Nh3
e2 60. Kxe2 Kg4 61. Nf2+ Kg3 62. Kf1 Kf3 63. Nd3 h4 64. Ne5+ Kg3 65. Nd3 h3 66.
Nf2 h2 67. Nh1+ Kf3 68. Nf2 Nc5 69. Nh1 Ke4 70. Ke2 Kd5 71. Kf3 Kc6 72. Kxf4
Nxa4 73. b7 Kxb7 74. Kg3 Nc3 75. Kxh2 a4 76. Nf2 a3 77. Nd3 a2 78. Nc5+ Kc6 79.
Nb3 Kb5 80. Kg2 Kc4 81. Na1 Nd5 82. Kf1 Kc3 83. Ke2 Nb4 84. Kd1 Nd3 85. Nc2 Kb2
86. Na1 Nc5 87. Nc2 Nb3 88. Na1 Nxa1 0-1